Física 2 : (Registro nro. 10281)

Detalles MARC
000 -LIDER
fixed length control field 01382nam a2200349 a 4500
001 - NÚMERO DE CONTROL
Identificador de número de control 0000396
003 - IDENTIFICACDOR DE NÚMERO DE CONTROL
control field DO-SdBNP
005 - DATE AND TIME OF LATEST TRANSACTION
control field 20180307113022.0
007 - CAMPOS FIJOS DE DESCRIPCIÓN FÍSICA
fixed length control field 0000396
008 - ELEMENTOS DE LONGITUD FIJA
fixed length control field 091125s200u dr a 000 0 spa d
020 ## - ISBN
International Standard Book Number 994540024X
040 ## - FUENTE DE CATALOGACIÓN
Agencia que crea de manera original el registro BPMSU
Idioma de catalogación spa
Agencia que realiza la transcripción BPMSU
092 ## - LOCALLY ASSIGNED DEWEY DECIMAL CALL NUMBER
Número de clasificación 373.53
Número de ítem (Cutter) V335f, 2do. 200u
100 1# - ASIENTO PRINCIPAL -- NOMBRE PERSONAL
Nombre personal Vásquez Güichard, Julia Mery
245 10 - MENCIÓN DE TITULO
Título Física 2 :
Subtítulo educación media /
Mención de responsabilidad Julia Mery Vásquez Güichard, Andrea Griselda Rincón, Luis Antonio Angulo ; producción editorial María del Jesús de la Rosa ; ilustraciones Daniel Bisonó
260 ## - PUBLICACIÓN, DISTRIBUCIÓN, ETC. (PIE DE IMPRENTA)
Lugar de publicación, distribución, etc Santo Domingo :
Nombre del editor, distribuidor, etc. Actualidad Escolar 2000,
Fecha de publicación, distribución, etc [200-].
300 ## - DESCRIPCIÓN FÍSICA
Extensión 138 p. :
Otros detalles físicos il. ;
Dimensiones 27 cm.
505 0# - NOTA DE CONTENIDO
Título Dinámica rotacional --
-- Gravitación universal y péndulo simple --
-- Termodinámica --
-- Electricidad y magnetismo --
-- La física moderna y sus aplicaciones --
650 ## - ENCABEZAMIENTO DE MATERIA--TEMÁTICO
Término temático o nombre geográfico como elemento de entrada FÍSICA
Subdivisión temática general ENSEÑANZA SECUNDARIA
650 ## - ENCABEZAMIENTO DE MATERIA--TEMÁTICO
Término temático o nombre geográfico como elemento de entrada FÍSICA
Subdivisión temática general EDUCACIÓN SECUNDARIA
650 ## - ENCABEZAMIENTO DE MATERIA--TEMÁTICO
Término temático o nombre geográfico como elemento de entrada EDUCACIÓN SECUNDARIA
Subdivisión geográfica REPÚBLICA DOMINICANA
650 ## - ENCABEZAMIENTO DE MATERIA--TEMÁTICO
Término temático o nombre geográfico como elemento de entrada FÍSICA
Subdivisión temática general LIBROS DE TEXTO
650 ## - ENCABEZAMIENTO DE MATERIA--TEMÁTICO
Término temático o nombre geográfico como elemento de entrada FÍSCA
Subdivisión temática general ESTUDIOS Y EJERCICIOS
700 12 - ASIENTO SECUNDARIO -- NOMBRE PERSONAL
Nombre personal Rincón, Andrea Griselda
700 12 - ASIENTO SECUNDARIO -- NOMBRE PERSONAL
Nombre personal Angulo, Luis Antonio
700 12 - ASIENTO SECUNDARIO -- NOMBRE PERSONAL
Nombre personal Jesús de la Rosa, María del
Mención de responsabilidad prod. ed.
700 12 - ASIENTO SECUNDARIO -- NOMBRE PERSONAL
Nombre personal Bisonó, Daniel
Mención de responsabilidad il.
910 ## - VALIDACIÓN
Validación
942 ## - ADDED ENTRY ELEMENTS (KOHA)
Source of classification or shelving scheme Dewey Decimal Classification
Koha item type Libros
945 ## - INFORMACIÓN DE PROCESAMIENTO LOCAL
Información de procesamiento local Remanejado para la BNPHU / 2018 VM
956 ## - LOCAL ELECTRONIC LOCATION AND ACCESS (OCLC)
Nombre de host Yngrid Lockward
Número de acceso 10
Existencias
Withdrawn status Lost status Source of classification or shelving scheme Damaged status Not for loan Home library Current library Date acquired Source of acquisition Total Checkouts Full call number Barcode Date last seen Price effective from Koha item type
    Dewey Decimal Classification     Biblioteca Pública Metropolitana Salomé Ureña Biblioteca Pública Metropolitana Salomé Ureña 06/06/2016 Donación   373.53 V335f 2do. [20-- ] BPMSU16060070 06/06/2016 06/06/2016 Libros